| 000 | 00616nam a2200181Ia 4500 | ||
|---|---|---|---|
| 005 | 20250423100119.0 | ||
| 008 | 250422s9999 xx 000 0 und d | ||
| 020 | _a9780517561 | ||
| 050 | _aP 92.N6 .M37/ | ||
| 100 | _aEdited by Wilson, Des | ||
| 245 | 0 | _aMass media and the electroal process in Nigeria | |
| 260 | _aAkwa Ibom, Nigeria | ||
| 260 | _bBSM resources Ltd. | ||
| 260 | _c2016 | ||
| 300 | _a268 p | ||
| 650 | _aMass media--Nigeria. Mass media and culture--Nigeria. Mass media and public opinion--Nigeria. Communication--Political aspects--Nigeria. Nigeria--Politics and government. | ||
| 942 | _cBK | ||
| 999 |
_c32328 _d32328 |
||